Evaluation of education system design using the socio-constructivist and software heuristic approaches /
محفوظ في:
| المؤلف الرئيسي: | |
|---|---|
| التنسيق: | أطروحة كتاب |
| اللغة: | English |
| منشور في: |
2002.
|
| الموضوعات: | |
| الوصول للمادة أونلاين: | http://studentsrepo.um.edu.my/id/eprint/2954 |
| الوسوم: |
إضافة وسم
لا توجد وسوم, كن أول من يضع وسما على هذه التسجيلة!
|
| LEADER | 01370cam a2200301 a 4500 | ||
|---|---|---|---|
| 001 | u520675 | ||
| 003 | SIRSI | ||
| 008 | 990618s2002 my a t 00 10 eng m | ||
| 035 | |a ADA-4799 | ||
| 040 | |a UMM | ||
| 043 | |a a-my--- | ||
| 090 | |a QA76 |b UM 2002 Sar | ||
| 100 | 0 | 0 | |a Sarinder Kaur. |
| 245 | 1 | 0 | |a Evaluation of education system design using the socio-constructivist and software heuristic approaches / |c Sarinder Kaur a/p Kashmir Singh. |
| 260 | |c 2002. | ||
| 300 | |a xiii, 189 leaves : |b ill. ; |c 30 cm. | ||
| 502 | |a Dissertation (M.Comp.Sc.) -- Fakulti Sains Komputer dan Teknologi Maklumat, University Malaya, 2002. | ||
| 504 | |a Bibliography: leaves 183-189. | ||
| 610 | 2 | 0 | |a Universiti Malaya |x Curricula |x Evaluation. |
| 650 | 0 | |a Constructivism (Education) |z Malaysia | |
| 650 | 0 | |a Educational planning |z Malaysia |x Case studies | |
| 710 | 2 | 0 | |a Universiti Malaya. |b Fakulti Sains Komputer dan Teknologi Maklumat. |
| 856 | 4 | 1 | |u http://studentsrepo.um.edu.my/id/eprint/2954 |
| 948 | |a 05/03/2004 |b 30/04/2004 | ||
| 596 | |a 1 16 | ||
| 999 | |a QA76 UM 2002 SAR |w LC |c 1 |i A511140142 |d 21/2/2009 |e 21/2/2009 |l STACKS |m P01UTAMA |n 1 |r Y |s Y |t TESIS |u 11/5/2004 | ||
| 999 | |a QA76 UM 2002 SAR |w LC |c 2 |i A511147529 |l B_KOM4 |m P01UTAMA |r Y |s Y |t TESIS |u 11/5/2004 |o .PUBLIC. BKOM 4 :42937 | ||
| 999 | |a QA76 UM 2002 SAR |w LC |c 1 |i A511276783 |d 6/5/2005 |f 6/5/2005 |g 1 |l STACKS |m P16SKTM |r Y |s Y |t TESIS |u 6/5/2005 | ||
